[Event "Challenge"]
[Site "http://www.queenalice.com/game.php?id=1359810"]
[Date "2015.5.16"]
[Round "-"]
[White "antonio_mz"]
[Black "rafaelmatos20"]
[Result "1-0"]
[WhiteElo "1608"]
[BlackElo "1680"]

1. d4 d5 2. Nc3 Nf6 3. Bf4 c6 4. g3 e6 5. Bg2 b5 6. e4 b4 7. Na4 Ng4 8. exd5
Nxf2 9. Kxf2 cxd5 10. Nc5 Nc6 11. c3 a5 12. c4 Bxc5 13. dxc5 O-O 14. cxd5 exd5
15. Bh3 Be6 16. Bxe6 fxe6 17. Qg4 Rf5 18. Kg2 g6 19. Bd6 Qf6 20. Re1 Rf2+ 21.
Kh3 Rf5 22. Nf3 h5 23. Qh4 Rxf3 24. Qxf6 Rxf6 25. Ref1 Kg7 26. Rxf6 Kxf6 27.
Rf1+ Kg7 28. Kh4 d4 29. Kg5 d3 30. Rd1 Rf8 31. Bxf8+ Kxf8 32. Rxd3 Ne5 33. Re3
Nc4 34. Rxe6 Kf7 35. Re2 a4 36. c6 a3 37. b3 Nd6 38. c7 Kg7 39. Rc2 Nc8 40. Rd2
Kf7 41. Rd8 Ne7 42. c8=Q Nxc8 43. Rxc8 h4 44. gxh4 Kg7 45. Rc7+ Kf8 46. Kxg6 Ke8
47. Kf6 Kd8 48. Rh7 Ke8 49. h5 Kf8 50. Rh8# 1-0

[Event "AUTO-INT-2928"]
[Site "http://www.queenalice.com/game.php?id=1366480"]
[Date "2015.6.19"]
[Round "2"]
[White "Danado"]
[Black "antonio_mz"]
[Result "0-1"]
[WhiteElo "1598"]
[BlackElo "1719"]

1. e4 e5 2. a3 Nf6 3. Nc3 Bc5 4. h3 Nc6 5. b4 Bd4 6. Bb2 Nxe4 7. Nxe4 Bxb2 8.
Rb1 Bxa3 9. c3 a5 10. bxa5 Rxa5 11. Qb3 d5 12. Ra1 Qe7 13. Ne2 dxe4 14. Ng3 Be6
15. Qc2 O-O 16. Nxe4 Rfa8 17. d4 exd4 18. cxd4 Bb4+ 0-1

[Event "AUTO-INT-2928"]
[Site "http://www.queenalice.com/game.php?id=1366481"]
[Date "2015.6.19"]
[Round "2"]
[White "antonio_mz"]
[Black "Danado"]
[Result "1-0"]
[WhiteElo "1730"]
[BlackElo "1582"]

1. d4 d5 2. Nf3 a6 3. Nc3 Nc6 4. g3 e6 5. e4 Bb4 6. Bd2 Bxc3 7. Bxc3 dxe4 8. Ne5
Nxe5 9. dxe5 Qxd1+ 10. Rxd1 Ne7 11. Bb4 b6 12. Bg2 Bb7 13. O-O c5 14. Bc3 f5 15.
exf6 gxf6 16. Bxf6 Bd5 17. Bxh8 Bxa2 18. b3 Kf7 19. Ra1 Bxb3 20. cxb3 Rxh8 21.
Rxa6 Rb8 22. Bxe4 b5 23. Rc1 c4 24. bxc4 bxc4 25. Rxc4 h6 26. Rc7 Kf6 27. Raa7
Ke5 28. f3 Nd5 29. Bxd5 exd5 30. Re7+ Kd4 31. Ra5 Rb1+ 32. Kg2 Rb8 33. Rd7 Ke3
34. Rdxd5 Rb2+ 35. Kh3 Rb4 36. f4 Kf3 37. Re5 Rb3 38. Ra1 Kf2 39. f5 Rf3 40.
Ra2+ Kf1 41. Rb5 Re3 42. f6 1-0

[Event "AUTO-INT-2928"]
[Site "http://www.queenalice.com/game.php?id=1366482"]
[Date "2015.6.19"]
[Round "2"]
[White "vogeleduardo"]
[Black "antonio_mz"]
[Result "0-1"]
[WhiteElo "1713"]
[BlackElo "1863"]

1. e4 e5 2. Nf3 Nc6 3. b3 Nf6 4. d3 Bc5 5. Be2 Ng4 6. O-O Nd4 7. Nxd4 Bxd4 8.
Bxg4 Bxa1 9. c3 d5 10. Bxc8 Rxc8 11. Bd2 d4 12. Qc2 Bxc3 13. Bxc3 dxc3 14. Qxc3
Qd4 15. Qd2 O-O 16. Nc3 a6 17. Ne2 Qd6 18. Ng3 g6 19. Rc1 Rfd8 20. Rc3 Qb4 21.
Ne2 Rd7 22. h3 Rcd8 23. f4 Rxd3 24. Qxd3 Rxd3 25. Rxd3 Qe1+ 26. Kh2 Qxe2 27. Rd7
exf4 28. Kg1 f3 29. gxf3 Qxf3 30. Rxc7 Qg3+ 31. Kf1 Qxc7 0-1

[Event "AUTO-INT-2928"]
[Site "http://www.queenalice.com/game.php?id=1366483"]
[Date "2015.6.19"]
[Round "2"]
[White "antonio_mz"]
[Black "vogeleduardo"]
[Result "1-0"]
[WhiteElo "1873"]
[BlackElo "1695"]

1. d4 d5 2. Nf3 Bf5 3. Nc3 Nf6 4. e3 e6 5. Bd3 Bxd3 6. Qxd3 h6 7. Qb5+ Nbd7 8.
Qxb7 Qb8 9. Qc6 Bb4 10. a3 Bxc3+ 11. Qxc3 O-O 12. Ne5 Qb6 13. Nxd7 Nxd7 14. h3
Nf6 15. f3 c6 16. Qb4 Qa6 17. Qc5 Nd7 18. Qd6 Rfd8 19. Qg3 g6 20. e4 g5 21. h4
f6 22. hxg5 hxg5 23. Qh3 Kf7 24. Qh7+ Ke8 25. e5 Nf8 26. Qg8 Rd7 27. Rh8 Rf7 28.
exf6 Qb7 29. b4 Rxf6 30. Bxg5 Rg6 31. Qxg6+ Qf7 32. Qxf7+ Kxf7 33. O-O-O Re8 34.
Bh6 Re7 35. Bxf8 Re8 36. Rdh1 Rxf8 37. Rxf8+ Kxf8 38. Rh6 Ke7 39. Rh7+ 1-0

[Event "Challenge"]
[Site "http://www.queenalice.com/game.php?id=1369014"]
[Date "2015.7.1"]
[Round "-"]
[White "BOPEbleckangel"]
[Black "antonio_mz"]
[Result "0-1"]
[WhiteElo "2209"]
[BlackElo "1788"]

1. e4 e5 2. Nc3 Nf6 3. d3 Bc5 4. Bg5 c6 5. Nf3 h6 6. Bh4 g5 7. Bg3 d6 8. Be2 Ng4
9. O-O Qb6 10. Na4 Qd8 11. Nxc5 dxc5 12. Nxe5 Nxe5 13. Bxe5 f6 14. Bh5+ Kf8 15.
Qf3 Nd7 16. Bd6+ Kg7 17. Qf5 Ne5 18. Qxe5 fxe5 19. Bxe5+ Kh7 20. f4 Rg8 21. f5
Qe7 0-1

[Event "Challenge"]
[Site "http://www.queenalice.com/game.php?id=1369015"]
[Date "2015.7.1"]
[Round "-"]
[White "antonio_mz"]
[Black "BOPEbleckangel"]
[Result "1-0"]
[WhiteElo "1744"]
[BlackElo "2277"]

1. d4 d5 2. Nc3 Nf6 3. Bf4 a6 4. Nf3 e6 5. a3 Bd6 6. Ne5 O-O 7. e3 Bxe5 8. Bxe5
Nbd7 9. Bd3 Nxe5 10. dxe5 Nd7 11. e4 c6 12. exd5 cxd5 13. Ne2 Nxe5 14. Nf4 Qf6
15. Nh5 Nxd3+ 16. Qxd3 Qe5+ 17. Qe2 Qxb2 18. O-O Rb8 19. Rab1 Qxa3 20. Qe5 1-0

[Event "Challenge"]
[Site "http://www.queenalice.com/game.php?id=1372019"]
[Date "2015.7.18"]
[Round "-"]
[White "tucuman"]
[Black "antonio_mz"]
[Result "1/2-1/2"]
[WhiteElo "1761"]
[BlackElo "1743"]

1. e4 e5 2. Nf3 Nc6 3. Bc4 h6 4. d3 Nf6 5. a3 d5 6. exd5 Nxd5 7. O-O Nf4 8. Bxf4
exf4 9. Qe1+ Be7 10. Qe4 Qd6 11. Nc3 Be6 12. Bxe6 Qxe6 13. Qxe6 fxe6 14. Rfe1
O-O-O 15. Rxe6 Bf6 16. Re4 g5 17. h3 Bxc3 18. bxc3 Rhe8 19. Nh2 Rxe4 20. dxe4
Rd2 21. Rc1 Ne5 22. Ng4 Nxg4 23. hxg4 Kd7 24. Kf1 Kc6 25. Ke1 Rd7 26. Rd1 Rd6
27. Rxd6+ cxd6 28. Kd2 Kc5 29. Kd3 b5 30. f3 a5 31. c4 bxc4+ 32. Kc3 a4 33. Kd2
Kd4 34. c3+ Kc5 35. Kc2 d5 36. exd5 Kxd5 37. Kd2 Ke5 38. Ke2 Kf6 39. Kf2 Kg6 40.
g3 h5 41. Kg2 hxg4 42. fxg4 fxg3 43. Kxg3 Kf6 44. Kf3 Ke5 45. Ke3 1/2-1/2

[Event "Challenge"]
[Site "http://www.queenalice.com/game.php?id=1376124"]
[Date "2015.8.7"]
[Round "-"]
[White "antonio_mz"]
[Black "tucuman"]
[Result "0-1"]
[WhiteElo "1774"]
[BlackElo "1706"]

1. d4 d5 2. Nc3 e6 3. Bf4 a6 4. a3 Nc6 5. Nf3 h6 6. g3 Bd6 7. Ne5 Nxe5 8. Bxe5
Bxe5 9. dxe5 Bd7 10. Bg2 Ne7 11. O-O O-O 12. e4 dxe4 13. Nxe4 Bc6 14. Qg4 Ng6
15. b4 Bxe4 16. Bxe4 c6 17. Bxg6 fxg6 18. Qxg6 Qe7 19. Rad1 Rad8 20. Rd6 Rxd6
21. exd6 Qxd6 22. Re1 Rf6 23. Qg4 e5 24. Qc8+ Kh7 25. Qxb7 Qd4 26. Re2 Qd1+ 0-1

[Event "Challenge"]
[Site "http://www.queenalice.com/game.php?id=1377614"]
[Date "2015.8.15"]
[Round "-"]
[White "tucuman"]
[Black "antonio_mz"]
[Result "0-1"]
[WhiteElo "1727"]
[BlackElo "1774"]

1. e4 e5 2. Nf3 Nc6 3. Bc4 h6 4. a3 Nf6 5. d3 Bc5 6. Nc3 d6 7. O-O Nd4 8. Be3
Bg4 9. h3 Nxf3+ 10. gxf3 Bxh3 11. Re1 Nh5 12. Bxc5 Qg5+ 13. Kh1 Qg2# 0-1

[Event "Cochinoi"]
[Site "http://www.queenalice.com/game.php?id=1395509"]
[Date "2015.11.22"]
[Round "-"]
[White "antonio_mz"]
[Black "Ajunior"]
[Result "0-1"]
[WhiteElo "1868"]
[BlackElo "1959"]

1. d4 Nf6 2. Nc3 d5 3. Bf4 g6 4. Nb5 Na6 5. Nf3 c6 6. Nc3 Bg7 7. Ne5 O-O 8. a3
Nc7 9. h3 Nd7 10. e4 e6 0-1

[Event "Challenge"]
[Site "http://www.queenalice.com/game.php?id=1398011"]
[Date "2015.12.8"]
[Round "-"]
[White "poop_police"]
[Black "antonio_mz"]
[Result "0-1"]
[WhiteElo "1890"]
[BlackElo "1821"]

1. e4 e5 2. Nc3 Nf6 3. Nge2 Nc6 4. d4 Bb4 5. dxe5 Nxe5 6. Bd2 Bc5 7. Na4 Nxe4 8.
Nxc5 Nxc5 9. Bc3 d6 10. Bxe5 dxe5 11. Qxd8+ Kxd8 12. O-O-O+ Bd7 13. Rd5 Ne4 14.
f3 Nf6 15. Rxe5 Re8 16. Rxe8+ Bxe8 17. Nc3 Ke7 18. Bd3 g6 0-1

[Event "Challenge"]
[Site "http://www.queenalice.com/game.php?id=1447275"]
[Date "2016.11.2"]
[Round "-"]
[White "sallesandre88"]
[Black "antonio_mz"]
[Result "1-0"]
[WhiteElo "2022"]
[BlackElo "1856"]

1. e4 e5 2. Bc4 Nf6 3. Nc3 Bc5 4. h3 b6 5. Nf3 h6 6. Nxe5 d5 7. exd5 Nbd7 8. Nc6
Ne4 9. Nxd8 Nxf2 10. Qe2+ Kxd8 11. O-O Re8 12. Qf3 Nxh3+ 13. Kh1 Ne5 14. Qg3
Nf2+ 15. Rxf2 Bxf2 16. Qxf2 Ng4 17. Qg3 f5 18. d3 f4 19. Bxf4 c6 20. Bc7+ Ke7
21. Qd6+ 1-0

[Event "Challenge"]
[Site "http://www.queenalice.com/game.php?id=1447276"]
[Date "2016.11.2"]
[Round "-"]
[White "antonio_mz"]
[Black "sallesandre88"]
[Result "0-1"]
[WhiteElo "1847"]
[BlackElo "2153"]

1. d4 d5 2. Nf3 Nc6 3. Bf4 Nf6 4. Nc3 Bg4 5. e3 a6 6. h3 Bh5 7. g4 Bg6 8. a3 Ne4
9. Nxe4 Bxe4 10. Bg2 e6 11. Ne5 Bxg2 12. Rg1 Be4 13. f3 Bg6 14. c4 Nxe5 15. Bxe5
f6 16. Bf4 dxc4 17. b4 b5 18. e4 Bd6 19. e5 fxe5 20. dxe5 Be7 21. Kf2 O-O 22. a4
Bxb4 23. axb5 Bc5+ 24. Be3 Bxe3+ 25. Kxe3 axb5 26. Rxa8 Qxa8 27. Qd7 Rxf3+ 28.
Ke2 Qe4+ 29. Kd1 Qc2+ 30. Ke1 Re3+ 31. Kf1 Qe2# 0-1